Manifestación de silencios /

Uloženo v:
Podrobná bibliografie
Hlavní autor: Azuela, Arturo (autor)
Médium: Kniha
Jazyk:španělština
Vydáno: México : Leega , c1979-1982
Edice:(Clásicos de Hoy)
Témata:
Tagy: Přidat tag
Žádné tagy, Buďte první, kdo vytvoří štítek k tomuto záznamu!

MARC

LEADER 00000nam^a2200000^a^4500
001 000432754
005 20250616201927.0
009 20260310123023.42
020 |a 968-495-001-2 
037 |a Acervo ITESO - Biblioteca 
041 |a ESP 
082 |a 863.  |b AZU 
100 |a Azuela, Arturo  |e (autor) 
245 1 0 |a Manifestación de silencios /  |c A. Azuela. 
264 4 |a México :  |b Leega ,  |c c1979-1982 
300 |a 331 p. ;  |c 18.0 cm. 
336 |a texto  |b txt  |2 rdacontenido 
337 |a sin mediación  |b n  |2 rdamedio 
338 |a volumen  |b nc  |2 rdasoporte 
440 1 |a (Clásicos de Hoy) 
545 0 |a Arturo Azuela (Ciudad de México, 1938-2012), escritor, matemático e historiador mexicano. Fue profesor en la UNAM y en las universidades de Berkeley, Columbia, Montpellier, París, Complutense, Notre Dame y Harvard. Fungió como subdirector de Literatura y subdirector general del Instituto Nacional de Bellas Artes, director de la Casa del Lago, director de la Revista de la Universidad, coordinador del Programa de Universidad Abierta, director de la Facultad de Filosofía y Letras de la UNAM, director de la Revista Mexicana de Cultura. Entre otras obras, es autor de las novelas El tamaño del infierno (1974, Premio Xavier Villaurrutia), Un tal José Salomé (1975), Manifestación de silencios (1979, Premio Nacional de Novela José Rubén Romero 1978), La casa de las once mil vírgenes (1983), La mar de utopías (1984), El don de la palabra (1984), El matemático (1988), Estuche para violines (1994). Dueño de una prosa vigorosa e innovadora, en ocasiones con un fuerte componente poético, aunque el manejo del lenguaje sea rígido y calculado; pese a manejar estructuras narrativas no convencionales, el recurso facilita la lectura y comprensión de sus narraciones. Honrado con la presea Mariano Azuela (1989), del Gobierno del Estado de Jalisco, y los premios Libro de Otoño (España, 1983), Iberoamericano de Narrativa Científica (1994) y Carlos V (Bélgica, 1995), fue elegido miembro de la Academia Mexicana de la Lengua en 1985 y presidió el Seminario de Cultura Mexicana. 
649 |a XX 
650 |a Movimiento Estudiantil de 1968 en la Literatura 
650 |a Movimiento Estudiantil de 1968 -  |x Tema Principal 
650 |a Novela Política -  |z México 
650 |a Novela Mexicana 
650 |a Literatura y Política -  |z México 
650 |a Literatura y Sociedad -  |z México 
650 |a Literatura Mexicana -  |y Siglo XX 
650 |a Violencia Política -  |z México -  |x Historia -  |y 1964-1970 
650 |a Política -  |z México -  |x Historia -  |y 1964-1970 
650 |a Política -  |z México -  |x Historia -  |y Siglo XX 
910 |a Fondo Alfonso de Alba Martín 
920 |a Impresos - Libros 
930 |a Libros Antiguos y Raros 
940 |a Literatura 
905 |a 125 
901 |a 0500349959  |b IT2  |c LRA  |i D99174  |u 20250526 
902 |a https://opac.biblio.iteso.mx/vufind/Record/000432754